| 000 | 00947nas a2200289 4500 | ||
|---|---|---|---|
| 001 | BR2012005470 | ||
| 003 | BR-BrBNA | ||
| 005 | 20231205120908.0 | ||
| 007 | ta | ||
| 008 | 230509b bl.|||p| |||| 00| 00por d | ||
| 040 |
_aBR-BrBNA _bpor _cBiblioteca Nacional de Agricultura |
||
| 041 | _a(Pt) | ||
| 072 | _aH10 | ||
| 100 | 1 | _aFuhrmann, J. | |
| 100 | 1 | _aOliveira, M.M. de | |
| 100 | 1 | _aBená, D. de C. | |
| 100 | 1 | _aIde, S. | |
| 100 | 1 | _aBatista-Filho, A. | |
| 245 | 1 | _aDescrição da larva de último instar e pupa de Epacroplon cruciatum (Aurivillius)(Coleoptera, Cerambycidae, Cerambycinae)e notas biológicas | |
| 650 | _aCITRICULTURA | ||
| 650 | _aPRAGA DE PLANTA | ||
| 650 | _aBROCA DAS PONTAS | ||
| 650 | _aCONTROLE BIOLÓGICO | ||
| 773 | 0 |
_tRevista Brasileira de Entomologia (Brazil) _xISSN 0085-5626 _g(Jan-Mar 2012), v. 56(1) p. 47-53 _wBR2012005470 |
|
| 909 |
_a202311 _bLúcia _c55 _dLúcia Elande |
||
| 942 |
_2AGRIS _n0 _cANA |
||
| 999 |
_c220854 _d220854 |
||